| 000 | 00525nam a2200169Ia 4500 | ||
|---|---|---|---|
| 008 | 150121s9999 xx 000 0 und d | ||
| 020 | _a2094-8905 | ||
| 245 |
_aLyceum of the Philippines–Laguna Research Journal / _h[electronic resource] |
||
| 260 |
_bLyceum of the Philippines-Laguna, _c2012. |
||
| 516 | _aElectronic text | ||
| 650 | _aComputer Science. | ||
| 650 | _aEducation. | ||
| 650 | _aNursing. | ||
| 830 | _aPhilippine E-Journals | ||
| 856 | _uhttp://www.ejournals.ph/index.php?journal=LPLRJ | ||
| 942 | _cEJ | ||
| 999 |
_c277055 _d277055 |
||